000 00991ngm a22003370a 4500
001 PT38781
003 AR-LpoUNG
005 20210202000533.0
007 vd cvaizq
008 191001s1938||||ag |||||||||||||||||spa d
037 _c$7.65
040 _aAR-LpoUNG
_bspa
_cAR-LpoUNG
_eaacr
041 _aspa
044 _aag
082 0 _a302 481mad
100 1 _aAmadori, Luis César
_edir.
245 1 0 _aMadreselva
260 _aBuenos Aires :
_bArte video,
_c5 de octubre 1938.
300 _aDVD : son., byn
505 0 _aHecha en 1937. - Elenco: Libertad Lamarque, Hugo del Carril, Malisa Zini.
520 _aBasada en el tango homónimo, Madreselva cuenta una historia de amor y desamor entre una modesta muchacha de barrio, hija de un titiritero inmigrante, y un famoso actor.
650 4 _aDRAMA
651 4 _aArgentina
653 _aCINE ARGENTINO
653 _aDVD
653 _aMELO
653 _aMUSICAL
653 _aVIDEOS
905 _a38781
942 _cDVD
999 _c55095
_d55095